Estrategias de lectura
Uloženo v:
| Hlavní autor: | |
|---|---|
| Médium: | Kniha |
| Jazyk: | španělština |
| Vydáno: |
Barcelona
Graó
1996
|
| Vydání: | 6a. ed |
| Edice: | Materiales para la Innovación Educativa, 8
|
| Témata: | |
| Tagy: |
Přidat tag
Žádné tagy, Buďte první, kdo vytvoří štítek k tomuto záznamu!
|
MARC
| LEADER | 00000nam a2200000 a 4500 | ||
|---|---|---|---|
| 001 | UCS1912 | ||
| 003 | CL-VaPUC | ||
| 008 | 970516e19960000SP |||||||||||||||||spa|d | ||
| 082 | 0 | 4 | |a 372.4 |b SOL |2 21 |
| 100 | 0 | |a Solé Gallart, Isabel |e author |9 386801 | |
| 245 | 1 | 0 | |a Estrategias de lectura |
| 250 | |a 6a. ed | ||
| 300 | |a 203 p | ||
| 942 | |c BK | ||
| 945 | |d 19970516 00:00:00 |a amoreno | ||
| 260 | |a Barcelona |b Graó |c 1996 | ||
| 650 | 0 | |a Lectura |9 307634 | |
| 650 | 7 | |a ESCUELA |2 CL-VaPUC |9 347989 | |
| 650 | 0 | |a Aprendizaje |9 254827 | |
| 650 | 0 | |a Comprensión |9 339377 | |
| 650 | 0 | |a Alfabetización |9 310435 | |
| 650 | 0 | |a Conciencia |9 309452 | |
| 650 | 7 | |a ESTRATEGIAS |2 CL-VaPUC |9 342878 | |
| 650 | 0 | |a Enseñanza |9 256457 | |
| 650 | 0 | |a Lectores |9 367970 | |
| 583 | |a last modification |c 19970516 00:00:00 |k Rodrigo Vera | ||
| 490 | 0 | |a Materiales para la Innovación Educativa, 8 | |
| 999 | |c 259925 |d 259923 | ||
| 952 | |0 0 |1 0 |4 0 |6 372_400000000000000_SOL_1996 |7 0 |8 A |9 285455 |a BIBEDU |b BIBEDU |d 2019-11-19 |i 3306127 |o 372.4 SOL 1996 |p 3306127 |r 2023-08-09 |w 2019-11-19 |y BK |k LIT | ||
| 952 | |0 0 |1 0 |4 0 |6 372_400000000000000_SOL_1996 |7 0 |8 A |9 285456 |a FDOPOS |b BIBEDU |d 2019-11-19 |i 3308537 |l 1 |m 1 |o 372.4 SOL 1996 |p 3308537 |r 2025-01-22 |s 2024-04-03 |w 2019-11-19 |y BK |k MLA | ||